LEADER 01525nam a2200349 u 4500 001 000000013602 003 CaOOAMICUS 005 20150724152200.0 008 940517s1981 it u000 u ita u 035 $a10324294 040 $aPUL(R)$bita 041 1 $aita$hger 100 1 $aGogarten, Friedrich,$d1887-1967.$0(OLS)http://pul/name/12778 240 10$aEntmythologisierung und Kirche.$lItaliano.$0(OLS)http://pul/title/19624 245 10$aDemitizzazione e Chiesa /$cFriedrich Gogarten ; editoriale di Giorgio Penzo ; traduzione dalla 4. ed. tedesca di Giorgio Penzo e Ursula Penzo Kirsch. 260 $aBrescia :$bQueriniana,$c1981. 300 $a125 p.$c20 cm 490 1 $aGiornale di teologia ;$v130 650 4$aDemitizzazione.$0(OLS)http://pul/subject/9809 650 4$aSecolarizzazione.$0(OLS)http://pul/subject/641 700 1 $aPenzo, Giorgio.$0(OLS)http://pul/name/5703 700 1 $aPenzo Kirsch, Ursula.$0(OLS)http://pul/name/12779 830 0$aGiornale di teologia ;$v130.$0(OLS)http://pul/title/9027 850 $aPUL 852 $aPUL$W1$xSL Religione 3$y85$m200 GDT 1.130$j19160$nBK-PRI$qDDC 21$B19160$CPULBib$Z2$F19160 $82 852 $aPUL$W1$xDP1 Fondo S. Lanza$y121$m3 M 24.130$j167979$qFondi$B168537$CPULBib$Z2$F168537 $HLAN376 $82 941 1 $a9 941 1 $a1 961 $aINV: 49766 983 0$aGdT. 996 $6245$aDemitizzazione e Chiesa$9(OLS)http://pul/title/19625 996 $6260$aBrescia :$bQueriniana$9(OLS)http://pul/publisher/47906 LEADER 01698nam a2200301 u 4500 001 000000108501 003 CaOOAMICUS 005 20071127155443.0 008 071127s2007 it u000 u ita u 020 $z978-88-13-27807-6* 040 $aPUL$bita$dLDB 110 1 $aItalia.$kLeggi, statuti, ecc.$0(OLS)http://pul/name/10145 245 13$aLa protezione dei dati personali :$bcommentario al d. lgs. 30 giugno 2003, n. 196 ("Codice della privacy") /$ca cura di Cesare Massimo Bianca, Francesco Donato Busnelli ; coordinamento redazionale Valentina Gagliardi, Enza Pellecchia. 260 $aPadova :$bCEDAM,$cc2007. 300 $a2 v. ;$c24 cm. 490 1 $aLe nuove leggi civili commentate ;$v18 650 14$aDiritto privato$zItalia.$0(OLS)http://pul/subject/1235 700 1 $aBusnelli, Francesco Donato.$0(OLS)http://pul/name/13434 700 1 $aBianca, Massimo Cesare.$0(OLS)http://pul/name/66378 830 3$aLe nuove leggi civili commentate ;$v18.$0(OLS)http://pul/title/53134 850 $aPUL 852 $aPUL$W1$xSL Diritto e Scienze Sociali 3$y79$m348. 45 CCOLL 1.18,1$j123657$av. 1$qDDC 21$B122591$CPULBib$Z2$F122591 $H105442 $82 852 $aPUL$W1$xSL Diritto e Scienze Sociali 3$y79$m348. 45 CCOLL 1.18,2$j123658$av. 2$qDDC 21$B122592$CPULBib$Z2$F122592 $H105443 $82 900 $aBianca, Cesare Massimo$966378 941 1 $a9 996 $6020$z978-88-13-27807-6*$9(OLS)http://pul/number/136400 996 $6245$aLa protezione dei dati personali :$bcommentario al d. lgs. 30 giugno 2003, n. 196 ("Codice della privacy")$9(OLS)http://pul/title/136531 996 $6260$aPadova :$bCEDAM$9(OLS)http://pul/publisher/48126